| 000 | 00986cad a22002055a 4500 | ||
|---|---|---|---|
| 001 | L152606 | ||
| 008 | 110331s20110331xxk f 000 0 eng d | ||
| 035 | _a(Sirsi) u152606 | ||
| 041 | 0 | _aeng | |
| 110 | 2 |
_aNationwide Building Society _91019 |
|
| 245 | 0 | 0 |
_aNationwide house price index _bfirst quarter 2011 _h[electronic resource] |
| 260 | _c2011 | ||
| 490 | 0 |
_aNationwide House Price Index _vFirst quarter 2011 |
|
| 520 | _aUnited Kingdom house prices decreased by 0.3% quarter on quarter. House prices rose in eight out of thirteen UK regions. London saw a marked increased house price growth with a seasonally adjusted price increase of 2.3%. Yorkshire and Humberside best performing region and Northern Ireland the weakest performing region. | ||
| 590 | _aKA | ||
| 651 | 4 |
_aUnited Kingdom _y |
|
| 690 | _aPROPERTY-RESIDENTIAL PROPERTY | ||
| 856 | 4 | 8 |
_uhttps://www.nationwide.co.uk/hpi/historical/Q1_2011.pdf _zView this item free of charge at www.nationwide.co.uk |
| 942 | _n0 | ||
| 999 |
_c112134 _d112134 |
||